00818nam a2200241Ia 4500003000400000005001700004008004100021020001800062040001800080041000800098082002100106100002900127245006300156250001200219260005700231300003000288650002600318650003900344650003500383942003000418999001900448952010900467OSt20251230143847.0210716s1999 xx 000 0 und d a9788120315624 cAIMIT LIBRARY aeng a006.37 21bSHEP aSheriff, Paul D.9249769 aPaul sheriff teaches visual basic 6 /cBy Paul D Sheriff. a1st ed. aNew Delhi :bPrentice Hall of India Pvt Ltd ,c1999. axxiv,806p. ;bPBc23.9 cm aEvents happen9249770 aArrays types and constants9249771 aCreating class modules9249772 2ddccBKe1stk006.37 SHEP c183460d183460 001040708MCAaAIMITbAIMITd2021-07-16l0o006.37 SHEPpMCA02968r2026-05-23 00:00:00w2021-07-16yBK